Desarrollo económico y desarrollo político

Guardat en:
Dades bibliogràfiques
Autor principal: Jaguaribe, Helio (Autor)
Format: Llibre
Idioma:espanyol
Publicat: Buenos Aires EUDEBA 1969
Edició:3a. ed
Col·lecció:Temas de Eudeba. Temas de Sociología
Matèries:
Etiquetes: Afegir etiqueta
Sense etiquetes, Sigues el primer a etiquetar aquest registre!

MARC

LEADER 00000nam a2200000 a 4500
001 UCT5967
003 CL-VaPUC
008 961223e19690700AG |||||||||||||||||spa|d
082 0 4 |a 330.9  |b JAG  |2 21 
100 |a Jaguaribe, Helio  |e author  |9 566026 
245 1 0 |a Desarrollo económico y desarrollo político 
250 |a 3a. ed 
300 |a 213 p 
942 |c BK 
945 |d 19961223 00:00:00  |a paguirre 
260 |a Buenos Aires  |b EUDEBA  |c 1969 
650 0 |a Desarrollo económico y social   |9 256320 
650 0 |a Desarrollo político  |9 323087 
650 0 |a Política social  |9 257588 
650 0 |a Política económica   |9 255029 
650 0 |a Países en desarrollo  |9 259663 
650 0 |a Planificación del desarrollo  |9 326796 
651 0 |a Brasil  |9 267393 
583 |a last modification  |c 19961223 00:00:00  |k Rodrigo Vera 
490 0 |a Temas de Eudeba. Temas de Sociología 
999 |c 254734  |d 254732 
952 |0 0  |1 0  |4 0  |6 330_900000000000000_JAG_1969  |7 0  |8 A  |9 276596  |a BIBDER  |b BIBDER  |d 2019-11-19  |i 1799517  |o 330.9 JAG 1969  |p 1799517  |r 2023-01-25  |w 2019-11-19  |y BK  |k DER 
952 |0 0  |1 0  |4 0  |6 330_900000000000000_JAG_1969  |7 0  |8 A  |9 276598  |a BIBGIM  |b BIBGIM  |d 2019-11-19  |i 1992554  |o 330.9 JAG 1969  |p 1992554  |r 2025-01-15  |w 2019-11-19  |y BK  |k COM